| 000 | 00690nam a2200229Ia 4500 | ||
|---|---|---|---|
| 003 | OSt | ||
| 005 | 20220925193849.0 | ||
| 006 | a|||||r|||| 00| 0 | ||
| 007 | ta | ||
| 008 | 220923b |||||||| |||| 00| 0 eng d | ||
| 037 | _cGeneral Book | ||
| 040 |
_aRTL _cRTL _beng |
||
| 041 |
_2eng _aeng |
||
| 082 | _aY7634, L9 | ||
| 100 |
_aLee Richard Borshay _9249626 |
||
| 245 | 0 |
_aKung Sah _b Men, women and work in a foraging societ |
|
| 260 |
_aCambridge _bCambridge University Press _c1979 |
||
| 300 |
_axxiv, 526p _ccm. |
||
| 500 | _aBibliography: P 495-512; Appendix: P 462-94 | ||
| 942 |
_hY7634, L9 _cGB _2CC |
||
| 999 |
_c527389 _d527389 |
||